| 000 | 00802ctm a22002175a 4500 | ||
|---|---|---|---|
| 001 | L141324 | ||
| 008 | 071115e18471218xxk eng u | ||
| 035 | _a(Sirsi) u141324 | ||
| 041 | 0 | _aeng | |
| 100 | 1 | _aRolfe, John | |
| 245 | 0 | 0 |
_aParticulars and valuation of the undernamed live and dead farming stock, cultivations, seeds sowing fixtures &c. on Hythe End Farm in the parish of Wraysbury, Bucks _bappraised from Mrs Mary Ann Sills to Mr William Thomas Buckland _h[manuscript] |
| 260 | _c18 December 1847 | ||
| 300 |
_a4 leaves _c33 x 21 cm. |
||
| 340 | _aInk on paper | ||
| 351 | _cSingle item | ||
| 500 | _aAppraisal carried out by John Rolfe and John Wells. | ||
| 651 | 4 | _aBuckinghamshire | |
| 690 | _aPROPERTY-PROPERTY APPRAISAL AND VALUATION | ||
| 700 | 1 | _aWells, John | |
| 942 | _n0 | ||
| 999 |
_c116705 _d116705 |
||